expulsion des joueurs Français en compétition officielle - Statistiques

Statistiques générales
  • Ce quiz a été pris 54 fois
  • Le résultat moyen est 4 sur 9
Statistiques - réponses
Compétion Joueurs % Correct
CDM 1998 Zidane
100%
CDM 2006 Zidane
100%
CDM 1998 Blanc
75%
CDM 1998 Desailly
63%
CDM 2002 Henry
48%
Euro 1984 Amoros
31%
CDM 2010 Gourcuff
12%
Euro 2008 Abidal
10%
Euro1984 Le Roux
2%
Aucun quiz correspondant
Distribution des résultats
% des personnes avec chaque résultat
Percentile par nombre de réponses
Votre historique - résultats
Vous n’avez pas pris ce quiz